000 00358nam a22001337a 4500
005 20251124154011.0
008 251124b |||||||| |||| 00| 0 eng d
020 _a978-1-4743-0114-5
100 _aHERRING, WENDY
245 _aTHE ALL ENGLAND LAW REPORTS 2016, VOLUME 4
260 _aLONDON
_bLEXISNEXIS
_c2016
300 _aXXII, 1098P.
942 _2lcc
_cREF
999 _c216267
_d216267